[Event "XIV. DBMM Schach"]
[Site "Dresden"]
[Date "2014.11.22"]
[Round "5.1"]
[White "Liefrink, Feike"]
[Black "Seger, Ruediger"]
[Result "1/2-1/2"]
[WhiteElo "2025"]
[BlackElo "2372"]
[Annotator "br"]
[PlyCount "91"]
[EventDate "2014.??.??"]
[EventType "team-swiss"]
[EventRounds "7"]
[EventCountry "GER"]
[Source "FV Schach e.V."]
[SourceDate "2015.07.06"]
[WhiteTeam "EPA Muenchen"]
[BlackTeam "Deutsche Post Bonn"]
[WhiteTeamCountry "GER"]
[BlackTeamCountry "GER"]

1. e4 c5 2. d4 cxd4 3. c3 d3 4. c4 Nc6 5. Bxd3 g6 6. Nf3 Bg7 7. O-O d6 8. h3
Nf6 9. Nc3 O-O 10. Be3 Nd7 11. Rc1 Nc5 12. Bb1 Be6 13. Qe2 a6 14. Rfd1 Qa5 15.
Nd4 Nxd4 16. Bxd4 Bxd4 17. Rxd4 Rfc8 18. Nd5 Bxd5 19. exd5 Qd8 20. Re1 Rc7 21.
Qd2 a5 22. b3 Qf8 23. h4 b6 24. h5 Rd8 25. hxg6 hxg6 26. Rh4 Qg7 27. Qg5 Qf6
28. Qh6 Qg7 29. Qe3 Re8 30. Qg5 Kf8 31. Re3 e6 32. Reh3 Kg8 33. dxe6 Nxe6 34.
Qb5 Rb8 35. Qd5 Rc5 36. Qxd6 Rd8 37. Qxb6 Rd1+ 38. Kh2 Qe5+ 39. f4 Qe1 40. Qb8+
Nd8 41. Rh8+ Kg7 42. Rxd8 Qg1+ 43. Kg3 Qe3+ 44. Kh2 Qg1+ 45. Kg3 Qe3+ 46. Kh2
1/2-1/2

[Event "XIV. DBMM Schach"]
[Site "Dresden"]
[Date "2014.11.22"]
[Round "5.2"]
[White "Stanetzek, Carsten"]
[Black "Segerberg, Tomas"]
[Result "1/2-1/2"]
[WhiteElo "2233"]
[BlackElo "2075"]
[Annotator "br"]
[PlyCount "55"]
[EventDate "2014.??.??"]
[EventType "team-swiss"]
[EventRounds "7"]
[EventCountry "GER"]
[Source "FV Schach e.V."]
[SourceDate "2015.07.06"]
[WhiteTeam "Deutsche Post Bonn"]
[BlackTeam "EPA Muenchen"]
[WhiteTeamCountry "GER"]
[BlackTeamCountry "GER"]

1. e4 e6 2. d4 d5 3. exd5 exd5 4. Nf3 Bd6 5. c4 Nf6 6. Nc3 O-O 7. Bg5 Re8+ 8.
Be2 dxc4 9. O-O c6 10. Bxc4 Be6 11. Bd3 Be7 12. h3 Nd5 13. Bxe7 Qxe7 14. Qd2
Nd7 15. Rfe1 Qf6 16. Ng5 Bf5 17. Nxd5 cxd5 18. Bxf5 Qxf5 19. Nf3 Nf8 20. Qb4
Qd7 21. Ne5 Qe7 22. Qb5 Ne6 23. Nf3 Rad8 24. Re3 Qd7 25. Qxd7 Rxd7 26. Rc1 Rc7
27. Rxc7 Nxc7 28. Rxe8+ 1/2-1/2

[Event "XIV. DBMM Schach"]
[Site "Dresden"]
[Date "2014.11.22"]
[Round "5.3"]
[White "Heer, Stephan"]
[Black "Gikas, Andreas Basilius"]
[Result "0-1"]
[WhiteElo "2134"]
[BlackElo "2176"]
[Annotator "br"]
[PlyCount "68"]
[EventDate "2014.??.??"]
[EventType "team-swiss"]
[EventRounds "7"]
[EventCountry "GER"]
[Source "FV Schach e.V."]
[SourceDate "2015.07.06"]
[WhiteTeam "EPA Muenchen"]
[BlackTeam "Deutsche Post Bonn"]
[WhiteTeamCountry "GER"]
[BlackTeamCountry "GER"]

1. d4 d5 2. Nf3 c6 3. g3 Bf5 4. Bg2 e6 5. O-O Nf6 6. Nbd2 Nbd7 7. Nh4 Bg4 8. h3
Bh5 9. g4 Ne4 10. Nxe4 dxe4 11. g5 Be7 12. Bxe4 Bxg5 13. Ng2 Bxc1 14. Rxc1 Nf6
15. Bf3 Bxf3 16. exf3 Qd5 17. c4 Qf5 18. Qb3 O-O-O 19. Qe3 Qxh3 20. d5 exd5 21.
Qxa7 d4 22. Qa8+ Kc7 23. Qa5+ Kb8 24. Qe5+ Kc8 25. Nf4 Qxf3 26. Ng2 Rhe8 27.
Qa5 Ng4 28. b4 Re6 29. b5 Qh3 30. Qa8+ Kd7 31. Qxb7+ Ke8 32. Qc7 Rdd6 33. Qc8+
Ke7 34. Qc7+ Kf6 0-1

[Event "XIV. DBMM Schach"]
[Site "Dresden"]
[Date "2014.11.22"]
[Round "5.4"]
[White "Dehmel, Jens"]
[Black "Bohnhoff, Peter"]
[Result "0-1"]
[WhiteElo "2044"]
[BlackElo "2060"]
[Annotator "br"]
[PlyCount "80"]
[EventDate "2014.??.??"]
[EventType "team-swiss"]
[EventRounds "7"]
[EventCountry "GER"]
[Source "FV Schach e.V."]
[SourceDate "2015.07.06"]
[WhiteTeam "Deutsche Post Bonn"]
[BlackTeam "EPA Muenchen"]
[WhiteTeamCountry "GER"]
[BlackTeamCountry "GER"]

1. d4 f5 2. g3 Nf6 3. Bg2 g6 4. Nf3 Bg7 5. O-O O-O 6. c4 d6 7. Nc3 Qe8 8. d5 a5
9. Be3 h6 10. Qd2 Kh7 11. h3 Na6 12. Nd4 Nc5 13. Ndb5 Na6 14. Rad1 c6 15. Nd4
Bd7 16. Nb3 Qd8 17. Na4 c5 18. Nc3 a4 19. Na1 Nc7 20. Nc2 b5 21. b4 axb3 22.
axb3 b4 23. Nb1 Qc8 24. Kh2 Ra2 25. Qd3 Nce8 26. Nd2 Nh5 27. f4 Nef6 28. Bf2
Qc7 29. Rfe1 Kh8 30. Rc1 Qc8 31. e4 fxe4 32. Nxe4 Nxe4 33. Bxe4 Bxh3 34. Kg1
Qg4 35. Bf3 Nxf4 36. Qe3 Qf5 37. Be4 Qg5 38. Kh2 Qh5 39. gxf4 Rxf4 40. Bg3 Bf5+
0-1

[Event "XIV. DBMM Schach"]
[Site "Dresden"]
[Date "2014.11.22"]
[Round "5.2"]
[White "Meister, Bernd Holger"]
[Black "Scholvin, Erich"]
[Result "0-1"]
[WhiteElo "1804"]
[BlackElo "2105"]
[Annotator "br"]
[PlyCount "53"]
[EventDate "2014.??.??"]
[EventType "team-swiss"]
[EventRounds "7"]
[EventCountry "GER"]
[Source "FV Schach e.V."]
[SourceDate "2015.07.06"]
[WhiteTeam "Transit Hamburg"]
[BlackTeam "SV RAPID Unilever Hamburg"]
[WhiteTeamCountry "GER"]
[BlackTeamCountry "GER"]

1. e3 d5 2. b3 Nf6 3. Bb2 e6 4. f4 c5 5. Nf3 Nc6 6. Bb5 Bd7 7. O-O a6 8. Bxc6
Bxc6 9. d3 Be7 10. Nbd2 b5 11. Ne5 Qb6 12. Ndf3 O-O 13. Nxc6 Qxc6 14. Ne5 Qc7
15. Qf3 Rab8 16. g4 c4 17. Bd4 Ne8 18. g5 Nd6 19. e4 dxe4 20. dxe4 Qb7 21. Rae1
Rbc8 22. c3 b4 23. bxc4 Nxc4 24. Nxc4 Rxc4 25. Kh1 Qc6 26. Re3 Rc8 27. Rc1 0-1

[Event "XIV. DBMM Schach"]
[Site "Dresden"]
[Date "2014.11.22"]
[Round "5.4"]
[White "Bohn, Christoph"]
[Black "Ristic, Sreten"]
[Result "0-1"]
[WhiteElo "1920"]
[BlackElo "1925"]
[Annotator "br"]
[PlyCount "86"]
[EventDate "2014.??.??"]
[EventType "team-swiss"]
[EventRounds "7"]
[EventCountry "GER"]
[Source "FV Schach e.V."]
[SourceDate "2015.07.06"]
[WhiteTeam "Transit Hamburg"]
[BlackTeam "SV RAPID Unilever Hamburg"]
[WhiteTeamCountry "GER"]
[BlackTeamCountry "GER"]

1. c4 c5 2. Nc3 Nc6 3. g3 Nf6 4. Bg2 Qc7 5. e3 e5 6. Nge2 d6 7. Nd5 Nxd5 8.
cxd5 Ne7 9. b3 g6 10. Bb2 Bg7 11. Rc1 O-O 12. d4 exd4 13. Bxd4 Qa5+ 14. Bc3
Bxc3+ 15. Nxc3 b5 16. O-O b4 17. Ne4 Qd8 18. Nd2 f5 19. Nc4 a5 20. h4 h5 21.
Qd2 a4 22. e4 Kg7 23. e5 dxe5 24. d6 e4 25. dxe7 Qxe7 26. Qf4 Ba6 27. Rfd1 Bxc4
28. Rxc4 axb3 29. axb3 Ra3 30. Rdc1 Rd8 31. Rxc5 Ra7 32. Qe5+ Qxe5 33. Rxe5 Rd3
34. g4 hxg4 35. h5 Rxb3 36. hxg6 Kxg6 37. Bf1 g3 38. Rcc5 gxf2+ 39. Kg2 Rf3 40.
Rc6+ Kg5 41. Be2 Ra1 42. Bf1 Kg4 43. Rec5 Rg3+ 0-1

[Event "XIV. DBMM Schach"]
[Site "Dresden"]
[Date "2014.11.22"]
[Round "5.2"]
[White "Heinrich, Thomas"]
[Black "Tichatschke, Wolfgang"]
[Result "1-0"]
[WhiteElo "2224"]
[BlackElo "2014"]
[Annotator "br"]
[PlyCount "49"]
[EventDate "2014.??.??"]
[EventType "team-swiss"]
[EventRounds "7"]
[EventCountry "GER"]
[Source "FV Schach e.V."]
[SourceDate "2015.07.06"]
[WhiteTeam "le-tex GmbH Leipzig"]
[BlackTeam "Europark Altenberg"]
[WhiteTeamCountry "GER"]
[BlackTeamCountry "GER"]

1. Nf3 Nf6 2. c4 e6 3. d4 d5 4. Nc3 Be7 5. Bf4 O-O 6. e3 c5 7. dxc5 Bxc5 8. a3
b6 9. cxd5 exd5 10. Be2 Bb7 11. O-O Ne4 12. Nb5 Na6 13. Rc1 Re8 14. Qa4 Qd7 15.
Ne5 Qd8 16. h3 f6 17. Nc6 Qd7 18. Ncd4 g5 19. Bg4 Qe7 20. Bh2 Nxf2 21. Be6+ Kh8
22. Rxf2 Bxd4 23. Qxd4 Qxe6 24. Nd6 Bc8 25. Nxe8 1-0

[Event "XIV. DBMM Schach"]
[Site "Dresden"]
[Date "2014.11.22"]
[Round "5.3"]
[White "Stavenhagen, Johannes"]
[Black "Hoffmann, Hendrik"]
[Result "0-1"]
[WhiteElo "1973"]
[BlackElo "2193"]
[Annotator "br"]
[PlyCount "56"]
[EventDate "2014.??.??"]
[EventType "team-swiss"]
[EventRounds "7"]
[EventCountry "GER"]
[Source "FV Schach e.V."]
[SourceDate "2015.07.06"]
[WhiteTeam "Europark Altenberg"]
[BlackTeam "le-tex GmbH Leipzig"]
[WhiteTeamCountry "GER"]
[BlackTeamCountry "GER"]

1. d4 d5 2. Nf3 Nf6 3. c4 dxc4 4. Qa4+ c6 5. Qxc4 Bf5 6. Nc3 h6 7. Ne5 Be6 8.
Qd3 Nbd7 9. Nf3 Nb6 10. Ne5 Nfd7 11. Bf4 Nxe5 12. Bxe5 Nc4 13. Qc2 Nxe5 14.
dxe5 Qd4 15. Qe4 Qxe4 16. Nxe4 O-O-O 17. e3 g5 18. Nc5 Bf5 19. Bc4 e6 20. Nb3
Bg7 21. f4 $11 gxf4 22. exf4 f6 23. g4 $11 Be4 24. Bxe6+ Kc7 25. O-O Bd3 26.
Rfd1 fxe5 27. Nc5 e4 28. Bf5 Bd4+ 0-1

[Event "XIV. DBMM Schach"]
[Site "Dresden"]
[Date "2014.11.22"]
[Round "5.4"]
[White "Rohne, Lars"]
[Black "Nayebi, Babak"]
[Result "1/2-1/2"]
[WhiteElo "2152"]
[BlackElo "1627"]
[Annotator "br"]
[PlyCount "44"]
[EventDate "2014.??.??"]
[EventType "team-swiss"]
[EventRounds "7"]
[EventCountry "GER"]
[Source "FV Schach e.V."]
[SourceDate "2015.07.06"]
[WhiteTeam "le-tex GmbH Leipzig"]
[BlackTeam "Europark Altenberg"]
[WhiteTeamCountry "GER"]
[BlackTeamCountry "GER"]

1. e4 e5 2. Nc3 Nf6 3. f4 d5 4. fxe5 Nxe4 5. Nf3 Bb4 6. Qe2 Bxc3 7. dxc3 O-O 8.
Bf4 Bg4 9. O-O-O c6 10. h3 Be6 11. Nd2 Nxd2 12. Qxd2 Qa5 13. a3 Nd7 14. Bd3 Nc5
15. Qf2 f5 16. exf6 Rxf6 17. Qh4 Bf5 18. Be5 Nxd3+ 19. cxd3 Re6 20. Qg3 Bg6 21.
h4 Rae8 22. h5 Rxe5 1/2-1/2

[Event "XIV. DBMM Schach"]
[Site "Dresden"]
[Date "2014.11.22"]
[Round "5.1"]
[White "Gebert Vangeel, Ralf"]
[Black "Schmitzer, Klaus"]
[Result "0-1"]
[WhiteElo "2041"]
[BlackElo "2271"]
[Annotator "rgv"]
[PlyCount "40"]
[EventDate "2014.??.??"]
[EventType "team-swiss"]
[EventRounds "7"]
[EventCountry "GER"]
[Source "FV Schach e.V."]
[SourceDate "2015.07.06"]
[WhiteTeam "SV OSRAM Berlin"]
[BlackTeam "AGI Frankfurt"]
[WhiteTeamCountry "GER"]
[BlackTeamCountry "GER"]

1. e4 c6 2. d4 d5 3. e5 Bf5 4. Nc3 a6 5. Nf3 e6 6. Be2 Bg6 7. O-O Nh6 8. Bg5
Qc7 9. Nh4 c5 10. f4 cxd4 11. Nxd5 Qc5 12. Ne3 Nc6 13. Bxh6 dxe3 14. Bg5 Bxc2
15. Qe1 h6 16. Bxh6 Rxh6 17. Rc1 Nd4 18. Nf3 Rd8 19. Kh1 Nxe2 20. Qxe2 Bd3 0-1

[Event "XIV. DBMM Schach"]
[Site "Dresden"]
[Date "2014.11.22"]
[Round "5.2"]
[White "Guth, Thomas"]
[Black "Eisermann, Daniel"]
[Result "1-0"]
[WhiteElo "2301"]
[BlackElo "1928"]
[Annotator "de"]
[PlyCount "83"]
[EventDate "2014.??.??"]
[EventType "team-swiss"]
[EventRounds "7"]
[EventCountry "GER"]
[Source "FV Schach e.V."]
[SourceDate "2015.07.06"]
[WhiteTeam "AGI Frankfurt"]
[BlackTeam "SV OSRAM Berlin"]
[WhiteTeamCountry "GER"]
[BlackTeamCountry "GER"]

1. e4 e5 2. Bc4 Nf6 3. Nc3 Nxe4 4. Qh5 Nd6 5. Bb3 Be7 6. Nf3 Nc6 7. Nxe5 g6 8.
Nxc6 dxc6 9. Qd1 O-O 10. O-O Bf6 11. d3 a5 12. a4 Re8 13. Bf4 Be6 14. Bxe6 Rxe6
15. Qd2 Qe7 16. Rae1 Re8 17. Re3 Rxe3 18. fxe3 Bxc3 19. Qxc3 g5 20. Bxd6 Qxe3+
21. Kh1 cxd6 22. Qxa5 d5 23. h3 Qe2 24. Kg1 Qxc2 25. Qb6 Qxa4 26. Qxb7 Qd4+ 27.
Kh1 f5 28. Qxc6 Qe5 29. Rxf5 Qxf5 30. Qxe8+ Kg7 31. Qe3 g4 32. Qd4+ Kh6 33.
hxg4 Qg5 34. g3 Qc1+ 35. Kg2 Kg6 36. b4 Qd2+ 37. Kf3 Qe1 38. Kf4 Qd2+ 39. Ke5
Qg5+ 40. Ke6 Qd8 41. Qxd5 Qc8+ 42. Ke7 1-0

[Event "XIV. DBMM Schach"]
[Site "Dresden"]
[Date "2014.11.22"]
[Round "5.3"]
[White "Mueller, Gerd"]
[Black "Hoffmann, Frank"]
[Result "1-0"]
[WhiteElo "1847"]
[BlackElo "1468"]
[Annotator "gm"]
[PlyCount "105"]
[EventDate "2014.??.??"]
[EventType "team-swiss"]
[EventRounds "7"]
[EventCountry "GER"]
[Source "FV Schach e.V."]
[SourceDate "2015.07.06"]
[WhiteTeam "SV OSRAM Berlin"]
[BlackTeam "AGI Frankfurt"]
[WhiteTeamCountry "GER"]
[BlackTeamCountry "GER"]

1. e4 c6 2. d4 d5 3. exd5 cxd5 4. Bd3 Nc6 5. c3 Nf6 6. h3 e5 7. dxe5 Nxe5 8.
Qe2 Qe7 9. Bb5+ Nc6 10. Bg5 Qxe2+ 11. Nxe2 Ne4 12. Be3 Bd6 13. Nd2 Nxd2 14.
Kxd2 a6 15. Ba4 Bd7 16. Bb3 Be6 17. Nf4 Bxf4 18. Bxf4 O-O 19. Rad1 Na5 20. Bc2
Nc6 21. Bb3 Na5 22. Bc2 Nc6 23. Be3 b5 24. Kc1 Ne7 25. Bc5 Rfe8 26. Bxe7 Rxe7
27. Bb3 Rd7 28. Rd4 Kf8 29. Rhd1 Rad8 30. a4 bxa4 31. Bxa4 Rd6 32. c4 Rc8 33.
b3 a5 34. Kb2 Ke7 35. cxd5 Bd7 36. Re4+ Kd8 37. Bxd7 Rxd7 38. Rc4 Rb8 39. Rc5
a4 40. Rd3 axb3 41. Rxb3 Rxb3+ 42. Kxb3 Ke7 43. Kc4 Kd6 44. Kd4 f6 45. Rc6+ Ke7
46. Kc5 h5 47. Re6+ Kd8 48. Rd6 Ke7 49. Rxd7+ Kxd7 50. d6 g6 51. Kd5 g5 52. g4
hxg4 53. hxg4 1-0

[Event "XIV. DBMM Schach"]
[Site "Dresden"]
[Date "2014.11.22"]
[Round "5.4"]
[White "Büscher, Henrik"]
[Black "Riess, Bernhard"]
[Result "1-0"]
[WhiteElo "2112"]
[BlackElo "1571"]
[Annotator "br"]
[PlyCount "79"]
[EventDate "2014.??.??"]
[EventType "team-swiss"]
[EventRounds "7"]
[EventCountry "GER"]
[Source "FV Schach e.V."]
[SourceDate "2015.07.06"]
[WhiteTeam "AGI Frankfurt"]
[BlackTeam "SV OSRAM Berlin"]
[WhiteTeamCountry "GER"]
[BlackTeamCountry "GER"]

1. d4 d5 2. e3 c6 3. f4 g6 4. Nf3 Bg7 5. c3 Nh6 6. Be2 O-O 7. O-O Bf5 8. Qe1
Nd7 9. h3 Bxb1 10. Rxb1 e6 11. Bd3 Rc8 12. Bd2 a6 13. Qe2 c5 14. Be1 c4 15. Bc2
b5 16. Bh4 Qc7 17. g4 f6 18. Qg2 Nf7 19. Bg3 Qa7 20. Nh4 Qa8 21. e4 Nb6 22.
Rbe1 Rfe8 23. Nf3 Rcd8 $11 24. h4 Nd6 25. e5 Nf7 26. exf6 Bxf6 27. Re3 Qc8 28.
Rfe1 Re7 29. f5 Rde8 30. fxg6 hxg6 31. g5 Bg7 32. Bxg6 Qd7 33. h5 Nc8 34. h6
Bh8 35. Bxf7+ Rxf7 36. g6 Rfe7 37. Ne5 Qa7 38. h7+ Kf8 39. Rf1+ Kg7 40. Nc6 1-0

[Event "XIV. DBMM Schach"]
[Site "Dresden"]
[Date "2014.11.22"]
[Round "5.1"]
[White "Mueller, Ralf"]
[Black "Blum, Norbert"]
[Result "1-0"]
[WhiteElo "2389"]
[BlackElo "2009"]
[Annotator "br"]
[PlyCount "59"]
[EventDate "2014.??.??"]
[EventType "team-swiss"]
[EventRounds "7"]
[EventCountry "GER"]
[Source "FV Schach e.V."]
[SourceDate "2015.07.06"]
[WhiteTeam "SG Stern Stuttgart"]
[BlackTeam "Sparkassen-Vers. Stuttgart"]
[WhiteTeamCountry "GER"]
[BlackTeamCountry "GER"]

1. d4 Nf6 2. Nf3 g6 3. c4 Bg7 4. Nc3 d5 5. h4 h5 6. Bg5 c6 7. e3 O-O 8. Qb3
dxc4 9. Bxc4 Nbd7 10. Rd1 Nb6 11. Be2 Be6 12. Qc2 Nfd5 13. e4 Nb4 14. Qb1 Bc4
15. Bxc4 Nxc4 16. a3 Na6 17. Qa2 Nd6 18. O-O Qe8 19. Rfe1 Kh8 20. d5 f6 21. e5
Nf5 22. exf6 Bxf6 23. Bxf6+ Rxf6 24. Ne4 Rf8 25. b4 Qf7 26. Nfg5 Qg8 27. Ne6
Rfe8 28. N4g5 cxd5 29. Qb2+ Ng7 30. Nf4 1-0

[Event "XIV. DBMM Schach"]
[Site "Dresden"]
[Date "2014.11.22"]
[Round "5.2"]
[White "Marten, Gero"]
[Black "Scharrer, Udo"]
[Result "1/2-1/2"]
[WhiteElo "2010"]
[BlackElo "1979"]
[Annotator "br"]
[PlyCount "32"]
[EventDate "2014.??.??"]
[EventType "team-swiss"]
[EventRounds "7"]
[EventCountry "GER"]
[Source "FV Schach e.V."]
[SourceDate "2015.07.06"]
[WhiteTeam "Sparkassen-Vers. Stuttgart"]
[BlackTeam "SG Stern Stuttgart"]
[WhiteTeamCountry "GER"]
[BlackTeamCountry "GER"]

1. Nf3 Nf6 2. g3 g6 3. Bg2 Bg7 4. O-O O-O 5. d4 d6 6. a4 a5 7. b3 Nbd7 8. Bb2
e5 9. Nc3 exd4 10. Nxd4 Nc5 11. Re1 Rb8 12. e4 Ne6 13. Ndb5 Nd7 14. Qe2 Nd4 15.
Nxd4 Bxd4 16. Nd1 Bxb2 1/2-1/2

[Event "XIV. DBMM Schach"]
[Site "Dresden"]
[Date "2014.11.22"]
[Round "5.3"]
[White "Wepfer, Bernd"]
[Black "Bischoff, Ulrich"]
[Result "1/2-1/2"]
[WhiteElo "1879"]
[BlackElo "2107"]
[Annotator "br"]
[PlyCount "100"]
[EventDate "2014.??.??"]
[EventType "team-swiss"]
[EventRounds "7"]
[EventCountry "GER"]
[Source "FV Schach e.V."]
[SourceDate "2015.07.06"]
[WhiteTeam "SG Stern Stuttgart"]
[BlackTeam "Sparkassen-Vers. Stuttgart"]
[WhiteTeamCountry "GER"]
[BlackTeamCountry "GER"]

1. Nf3 Nf6 2. g3 d5 3. Bg2 c6 4. O-O Bg4 5. d3 Nbd7 6. Nbd2 e6 7. c4 Be7 8. b3
O-O 9. Bb2 Qc7 10. Rc1 Rfe8 11. h3 Bh5 12. Re1 Bf8 13. g4 Bg6 14. Nh4 Qb6 15.
Nxg6 hxg6 16. d4 Bb4 17. Rc2 Qa5 18. a4 Rad8 19. cxd5 exd5 20. e3 c5 21. Re2 b6
22. g5 $11 Ne4 23. Bxe4 dxe4 24. Nc4 Qa6 25. d5 b5 26. axb5 Qxb5 27. Nd6 Qb8
28. Nxe8 Rxe8 29. h4 Ne5 30. Bxe5 Qxe5 31. Ra2 a5 32. d6 Rd8 33. d7 Qe6 34.
Red2 Bxd2 35. Rxd2 Qh3 36. Rd5 Qe6 37. Kg2 Kf8 38. Rd6 Qe5 39. Qd5 Qxd5 40.
Rxd5 Ke7 41. Rxc5 Rxd7 42. Rxa5 Rb7 43. Re5+ Kd7 44. Rxe4 Rxb3 45. Kg3 Ra3 46.
Kg4 Ra1 47. Kf4 Ra5 48. Kg3 Ra1 49. Kf4 Ra5 50. Kg3 Ra1 1/2-1/2

[Event "XIV. DBMM Schach"]
[Site "Dresden"]
[Date "2014.11.22"]
[Round "5.4"]
[White "Lau, Peter"]
[Black "Bangert, Udo"]
[Result "0-1"]
[WhiteElo "1824"]
[BlackElo "1905"]
[Annotator "br"]
[PlyCount "33"]
[EventDate "2014.??.??"]
[EventType "team-swiss"]
[EventRounds "7"]
[EventCountry "GER"]
[Source "FV Schach e.V."]
[SourceDate "2015.07.06"]
[WhiteTeam "Sparkassen-Vers. Stuttgart"]
[BlackTeam "SG Stern Stuttgart"]
[WhiteTeamCountry "GER"]
[BlackTeamCountry "GER"]

1. e4 e5 2. Nf3 Nc6 3. Bb5 g6 4. O-O Bg7 5. c3 Nge7 6. d3 O-O 7. Be3 d5 8. h3
a6 9. Ba4 b5 10. Bc2 Qd6 11. Qc1 f5 12. Bh6 fxe4 13. dxe4 Bxh3 14. Bxg7 Kxg7
15. exd5 Nxd5 16. Nbd2 Nf4 17. gxh3 0-1

[Event "XIV. DBMM Schach"]
[Site "Dresden"]
[Date "2014.11.22"]
[Round "5.1"]
[White "Koerlin, Hans Juergen"]
[Black "Gempe, Thomas"]
[Result "0-1"]
[WhiteElo "1863"]
[BlackElo "2209"]
[Annotator "br"]
[PlyCount "86"]
[EventDate "2014.??.??"]
[EventType "team-swiss"]
[EventRounds "7"]
[EventCountry "GER"]
[Source "FV Schach e.V."]
[SourceDate "2015.07.06"]
[WhiteTeam "BA Tempelhof Berlin II"]
[BlackTeam "ADAC Muenchen"]
[WhiteTeamCountry "GER"]
[BlackTeamCountry "GER"]

1. e4 d6 2. d4 Nf6 3. Nc3 g6 4. Be2 Bg7 5. Be3 c6 6. Qd2 Qa5 7. h4 b5 8. f3 h5
9. a3 a6 10. b4 Qc7 11. a4 Bb7 12. a5 Nbd7 13. Ra2 e5 14. dxe5 $11 Nxe5 15. Nd1
O-O 16. Nh3 c5 17. O-O cxb4 18. Qxb4 d5 19. Ndf2 Rfc8 20. Ng5 Ned7 21. Bd4 dxe4
22. Nfxe4 Nxe4 23. fxe4 Bxd4+ 24. Qxd4 Ne5 25. Kh1 Qc5 26. Qb2 Qc3 27. Qb3 Qxb3
28. cxb3 Rc3 29. Bd1 Rd8 30. Raf2 Rd7 31. b4 Kg7 32. Kg1 Re3 33. Bf3 Rb3 34. g4
hxg4 35. Bxg4 Re7 36. h5 Rg3+ 37. Kh2 Rxg4 38. h6+ Kxh6 39. Nxf7+ Nxf7 40. Rg2
Rgxe4 41. Kh3 Re3+ 42. Kg4 R7e4+ 43. Rf4 Bc8+ 0-1

[Event "XIV. DBMM Schach"]
[Site "Dresden"]
[Date "2014.11.22"]
[Round "5.3"]
[White "Wolf, Wilfried"]
[Black "Baudrexel, Peter"]
[Result "1/2-1/2"]
[WhiteElo "1523"]
[BlackElo "1834"]
[Annotator "br"]
[PlyCount "29"]
[EventDate "2014.??.??"]
[EventType "team-swiss"]
[EventRounds "7"]
[EventCountry "GER"]
[Source "FV Schach e.V."]
[SourceDate "2015.07.06"]
[WhiteTeam "BA Tempelhof Berlin II"]
[BlackTeam "ADAC Muenchen"]
[WhiteTeamCountry "GER"]
[BlackTeamCountry "GER"]

1. e4 e6 2. d4 d5 3. exd5 exd5 4. Nf3 Bd6 5. Be2 Nc6 6. Nc3 Nge7 7. O-O Bf5 8.
a3 Qd7 9. Nb5 O-O-O 10. Nxd6+ Qxd6 11. b4 Ng6 12. Ng5 Qf6 13. Be3 h6 14. Nf3
Be4 15. c3 1/2-1/2

[Event "XIV. DBMM Schach"]
[Site "Dresden"]
[Date "2014.11.22"]
[Round "5.4"]
[White "Obermeier, Karlheinz"]
[Black "Warnest, Stefan"]
[Result "1/2-1/2"]
[WhiteElo "1553"]
[BlackElo "1424"]
[Annotator "br"]
[PlyCount "52"]
[EventDate "2014.??.??"]
[EventType "team-swiss"]
[EventRounds "7"]
[EventCountry "GER"]
[Source "FV Schach e.V."]
[SourceDate "2015.07.06"]
[WhiteTeam "ADAC Muenchen"]
[BlackTeam "BA Tempelhof Berlin II"]
[WhiteTeamCountry "GER"]
[BlackTeamCountry "GER"]

1. e4 c6 2. d4 d5 3. exd5 cxd5 4. Nc3 Nf6 5. Nf3 Nc6 6. Bb5 e6 7. O-O Bd6 8.
Re1 O-O 9. Bg5 Be7 10. a3 a6 11. Bd3 Ne8 12. Bxe7 Nxe7 13. Ne2 Nd6 14. Ng3 Nef5
15. Nxf5 Nxf5 16. c3 Qf6 17. Qc2 b5 18. Re5 Rd8 19. Rae1 g6 20. b3 Nh4 21. Nxh4
Qxh4 $11 22. Qd2 Ra7 23. R5e3 Qg5 24. Qe2 Rf8 25. Rg3 Qf4 26. Rf3 Qg5 1/2-1/2

[Event "XIV. DBMM Schach"]
[Site "Dresden"]
[Date "2014.11.22"]
[Round "5.1"]
[White "Klotzsche, Thomas"]
[Black "Hohlfeld, Wolfgang"]
[Result "0-1"]
[WhiteElo "1929"]
[BlackElo "2102"]
[Annotator "br"]
[PlyCount "58"]
[EventDate "2014.??.??"]
[EventType "team-swiss"]
[EventRounds "7"]
[EventCountry "GER"]
[Source "FV Schach e.V."]
[SourceDate "2015.07.06"]
[WhiteTeam "Deutsche Bahn/BSW Berlin II"]
[BlackTeam "Baubehoerde Hamburg"]
[WhiteTeamCountry "GER"]
[BlackTeamCountry "GER"]

1. e4 c5 2. d3 Nc6 3. c3 d5 4. Qe2 e5 5. f4 dxe4 6. dxe4 Nf6 7. f5 g6 8. g4
Nxe4 9. Qxe4 Qh4+ 10. Ke2 Bxf5 11. Qc4 Be6 12. Qe4 Bxg4+ 13. Nf3 f5 14. Qc4 e4
15. Qe6+ Qe7 16. Qxe7+ Bxe7 17. Bg2 Ne5 18. Nbd2 O-O-O 19. Rf1 Rhe8 20. Kf2
exf3 21. Nxf3 Nxf3 22. Bxf3 Bh4+ 23. Kg2 Bxf3+ 24. Kxf3 Rd3+ 25. Kg2 Re2+ 26.
Kg1 g5 27. Rxf5 Rd1+ 28. Rf1 Bf2+ 29. Kg2 Be3+ 0-1

[Event "XIV. DBMM Schach"]
[Site "Dresden"]
[Date "2014.11.22"]
[Round "5.2"]
[White "Hein, Ralf"]
[Black "Strauss, Peter"]
[Result "1-0"]
[WhiteElo "2047"]
[BlackElo "1751"]
[Annotator "br"]
[PlyCount "47"]
[EventDate "2014.??.??"]
[EventType "team-swiss"]
[EventRounds "7"]
[EventCountry "GER"]
[Source "FV Schach e.V."]
[SourceDate "2015.07.06"]
[WhiteTeam "Baubehoerde Hamburg"]
[BlackTeam "Deutsche Bahn/BSW Berlin II"]
[WhiteTeamCountry "GER"]
[BlackTeamCountry "GER"]

1. d4 d5 2. Bf4 Nf6 3. Nf3 g6 4. e3 Bg7 5. Bd3 O-O 6. O-O b6 7. Nbd2 c5 8. c3
Ba6 9. Bxa6 Nxa6 10. Qe2 Nc7 11. dxc5 bxc5 12. Nb3 Nh5 13. Nxc5 Nxf4 14. exf4
Qd6 15. Qe3 Rfd8 16. Nb7 d4 17. cxd4 Nd5 18. Nxd6 Nxe3 19. fxe3 Rxd6 20. Rac1
f6 21. Rc7 Kf7 22. Ne5+ Ke6 23. Nd3 Ra6 24. Nc5+ 1-0